Normal view
MARC view
Entry Personal Name
001 - CONTROL NUMBER
- control field: 1174219
003 - CONTROL NUMBER IDENTIFIER
- control field: OSt
005 - DATE AND TIME OF LATEST TRANSACTION
- control field: 20260324124443.0
008 - FIXED-LENGTH DATA ELEMENTS
- fixed length control field: 260324|| aca||aabn | a|a d
040 ## - CATALOGING SOURCE
- Original cataloging agency: OSt
- Transcribing agency: OSt
100 ## - HEADING--PERSONAL NAME
- Personal name: Daphne T Greenwood; Richard P F Holt
670 ## - SOURCE DATA FOUND
- Source citation: Work cat.: (OSt)1768603: Daphne T Greenwood; Richard P F Holt, Local Economic Development in the 21st Centur
